000 01083nam a2200325 i 4500
003 EG-GICUC
005 20260121101738.0
008 260118s1897 fr ||||fr||| 00|00 ffre d
040 _aEG-GiCUC
_bfre
_cEG-GiCUC
_dEG-GiCUC
_eRda
041 _afre
082 0 4 _221
_a341.33
_bBE . E
092 0 4 _221
099 _aLaw1 11 341.33 BE . E 1897
100 1 _a Benedetti, C
_eAuteur
245 1 0 _aEssais Diplomatiques :
_bPrecedes D'use Introduction Sur La Question D'orient /
_c C Benedetti.
264 1 _aParis :
_bLibrairie Plon,
_c1897.
300 _a412 page ;
_c24 cm.
_billustration ;
336 _2rda contenu
_a texte
337 _2rda medias
_aOrdinateur
338 _2 transporteur rda
_a Ressource en ligne
490 _aEssais Diplomatiques
504 _aBibliography: pages 200-250. 240-220
546 _aTexte en français
650 1 4 _aDiplomatie
_xDroit international public
_2qrmak
650 1 4 _aPersonnel Diplomatique
_2qrmak
651 1 _2qrmak
856 4 0 _uhttps://fll.law.cu.edu.eg/fulltext/bks/B11-06508.pdf
905 _a79
942 _2ddc
_cBK
_e21
_n0
999 _c57697
_d57697